Movies Quiz

Random Movies or Clickable Quiz
Score 0/9 Timer 03:00
0 Plays Today
% Correct
Return of the Jedi
88.4%
The Empire Strikes Back
88%
The Force Awakens
86.2%
The Rise of Skywalker
85.4%
The Phantom Menace
79.6%
The Last Jedi
77.3%
A New Hope
72.4%
Attack of the Clones
71%
Revenge of the Sith
70.4%

You're not logged in!

Compare scores with friends on all Sporcle quizzes.
OR
Log In

Sporcle TV

Today on Sporcle TV


Watch our educational content, quiz creation guides, and fun videos on Sporcle TV.

Show Comments

Extras

Top Quizzes Today


Score Distribution

Paid Content

Your Account Isn't Verified!

In order to create a playlist on Sporcle, you need to verify the email address you used during registration. Go to your Sporcle Settings to finish the process.

Report this User

Report this user for behavior that violates our Community Guidelines.

Details: